000 00710nam a2200265Ia 4500
001 Para_3245
003 CHAP
008 220125s1929 xx 000 0 und d
010 _a201707
040 _cCHAP
090 _aPA FOLLETO 933
100 _aLutman, B. F.
245 _aThe value of scabby potatoes /
_c B. F. Lutman
260 _aVermont :
_b Agricultural Experiment Station
300 _a16 p.
440 _aVermont. Agric. Exp. Sta. Bull; 297
_9166629
650 _aPapa
_x Rendimiento
_985284
901 _aPA FOLLETO 933
902 _aA
905 _a0000001929 VER 0000000000 00
910 _a1929
942 _cPARA
942 _cPARA
_d1
999 _c201707
_d201707